000 00286nam a2200085Ia 4500
245 0 _aBeating stress, anxiety & depression : groundbreaking ways to help you feel better
100 _a Plant, Jane A. London, 2009
_9103914
942 _cBK
008 210817s9999 xx 000 0 und d
999 _c464473
_d464472